000 00736nas a2200241 4500
001 BR9700342
003 BR-BrBNA
005 20231205100041.0
007 ta
008 230509b bl.|||p| |||| 00| 00por d
040 _aBR-BrBNA
_bpor
_cBiblioteca Nacional de Agricultura
041 _a(Pt)
072 _aE50
100 1 _aWilkinson, J.
245 1 _aIntegracao regional e o setor agroalimentar nos paises do MERCOSUL: a producao familiar
650 _aDesenvolvimento Social
650 _aFamilia
650 _aMERCOSUL
650 _aAgricultura de Subsistencia
773 0 _tEnsaios FEE (Brazil)
_xISSN 0101-1723
_g(1996), v. 17(1) p. 155-184
_wBR9700342
909 _a202311
_bLúcia
_c55
_dLúcia Elande
942 _2AGRIS
_n0
_cANA
999 _c154125
_d154125